000 00808nam a2200277Ia 4500
003 OSt
005 20221007110656.0
006 a|||||r|||| 00| 0
007 ta
008 221006b |||||||| |||| 00| 0 eng d
020 _a040617802X
024 _a21,605
037 _cTextual
040 _aLCO
_cLCO
_beng
041 _2eng
_aeng
082 _aX8(A):95OZ3,3, L2
100 _aCrump D.W.
_9688760
245 0 _aDix on Contracts of Employment
250 _a4th
260 _aLondon
_bButterworths & Co. (Publishers) Ltd. U.K.
_c1972
300 _a643
500 _aThe Contracts of Employment, Redundancy Payments and Industrial Relations Acts
650 _aCONTRACT OF EMPLOYMENT
_9707755
942 _hX8(A):95OZ3,3, L2
_cTEXL
999 _c1191168
_d1191168